LEADER 01226cam2-2200385---450- 001 990002825210203316 005 20140324104450.0 010 $a88-216-0374-1 035 $a000282521 035 $aUSA01000282521 035 $a(ALEPH)000282521USA01 035 $a000282521 100 $a20061011h1997----km-y0itay50------ba 101 0 $aita 102 $aIT 105 $aa|||z|||001yy 200 1 $a<<2.>> : Principato ultra e citra, Terra di Lavoro, 1734-1860$fcon un saggio di Giovanni Muto 210 $aMilano$cF. M. Ricci$dcopyr. 1997 215 $a281 p.$cill.$d27 cm 225 2 $aAntichi stati 410 0$12001$aAntichi stati 461 1$1001000282519$12001$aRegno delle Due Sicilie 517 $aPrincipato ultra & citra, Terra di lavoro 606 0 $aRegno delle Due Sicilie <1815-1860> 676 $a945.7083 702 1$aMUTO,$bGiovanni$f<1946- > 801 0$aIT$bsalbc$gISBD 912 $a990002825210203316 951 $aX.2.A. 452/13.2$b52437 G.$cX.2.$d00118980 959 $aBK 969 $aUMA 979 $aANNAMARIA$b90$c20061011$lUSA01$h0837 979 $aANNAMARIA$b90$c20140324$lUSA01$h1044 996 $aPrincipato ultra e citra, Terra di Lavoro, 1734-1860$9993848 997 $aUNISA LEADER 01876nam0 2200409 i 450 001 CFI0379144 005 20251003044140.0 020 $aIT$b98-4362 100 $a20170103d1996 ||||0itac50 ba 101 | $aita 102 $ait 181 1$6z01$ai $bxxxe 182 1$6z01$an 183 1$6z01$anc$2RDAcarrier 200 1 $aObiettivo sul mondo$eviaggi ed esplorazioni nelle immagini dell'archivio fotografico della Societā geografica italiana, 1866-1956$fSocietā geografica italiana$ga cura di Maria Mancini 210 $aRoma$cSocietā geografica italiana$d1996$hstampa 1997 215 $aXXVII, 193 p., \17! c. di tav.$cill.$d22 cm. 606 $aFotografie$x1866-1956$xCollezioni$2FIR$3CFIC096458$9I 606 $aSocietā geografica italiana$xArchivio fotografico$xCataloghi$2FIR$3CFIC096459$9I 676 $a770$9FOTOGRAFIA$v23 676 $a778.936$9$v21 676 $a779.074$9FOTOGRAFIE. Musei, collezioni, esposizioni$v20 676 $a779.074$9$v21 696 $aDocumenti fotografici$aFoto$aRaccolte 699 $aFotografie$zDocumenti fotografici 699 $aFotografie$yFoto 699 $aCollezioni$yRaccolte 702 1$aMancini$b, Maria$3SBLV064137 710 02$aSocietā geografica italiana$3RAVV032012$4070$0270462 801 3$aIT$bIT-000000$c20170103 850 $aIT-BN0095 901 $bNAP 01$cPOZZO LIB.$nVi sono collocati fondi di economia, periodici di ingegneria e scienze, periodici di economia e statistica e altri fondi comprendenti documenti di economia pervenuti in dono. 912 $aCFI0379144 950 0$aBiblioteca Centralizzata di Ateneo$b1 v.$c1 v.$d 01POZZO LIB.F. BENCARDINO 33$e 01 0000082015E VMA 1 v.$fB $h20220609$i20220830 977 $a 01 996 $aObiettivo sul mondo$92906452 997 $aUNISANNIO